Bridges of Florida - Statistics

General Stats
  • This quiz has been taken 6 times
  • The average score is 4 of 8
Answer Stats
Picture Answer % Correct
Sunshine Skyway
100%
7 Mile
75%
Dames Point
50%
Fuller Warren
50%
John T. Alsop
50%
Hart
25%
Mathews
25%
Howard Frankland
0%
No matching quizzes found
Score Distribution
Percent of People with Each Score
Percentile by Number Answered
Your Score History
You have not taken this quiz